000 00295nam a2200109Ia 4500
008 190912s9999||||xx |||||||||||||| ||und||
100 _aPro: Shareef-ul-Mujahid
245 0 _aTehreek-e-Pakistan Pasmanzar Aain Tajzeo
260 _aKarachi
_bQuaid-e-Azam Academy
_c223
300 _a1979
942 _cBK
999 _c7385
_d7385